Binyıl kalkınma hedefleri ve yoksul odaklı büyüme / (Record no. 15567)

MARC details
000 -BAŞLIK
Sabit Uzunlukta Kontrol Alanı 00820nam a22002537a 4500
999 ## - SİSTEM KONTROL NUMARALARI (KOHA)
Koha Biblionumber 15567
Koha Biblioitemnumber 15567
003 - KONTROL NUMARASI IDENTIFIER
Denetim Alanı MIRAKIL
005 - SON İŞLEM TARİHİ VE ZAMANI
Denetim Alanı 20240305150359.0
008 - SABİT-BOY VERİ ELEMANLARI - GENEL BİLGİLER
Sabit Uzunlukta Kontrol Alanı 240305b tu ||||| |||| 00| 0 tur d
020 ## - ULUSLARARASI STANDART KİTAP NUMARASI
Uluslararası Standart Kitap Numarası 9786053443247
040 ## - KATALOGLAMA KAYNAK
Orijinal Kataloglama Ajansı TR-AnCHP
Metne Dönüştürmek Ajansı TR-AnCHP
041 ## - DİL KODU
Metin / Ses Parça Veya Ayrı Başlığın Dil Kodu tur
082 ## - DEWEY ONLU SINIFLANDIRMA NUMARASI
Sınıflandırma Numarası 362.5
Ürün Numarası H21b 2015
090 ## - SINIFLAMA NUMARASI
Sınıflama Numarası 362.5 H21b 2015
100 ## - ANA GİRİŞ - KİŞİSEL İSİM
Kişisel Ad Halisçelik, Ergül
245 10 - BAŞLIK TABLOSU
Başlık Binyıl kalkınma hedefleri ve yoksul odaklı büyüme /
Sorumluluk Tablosu, Vb Ergül Halisçelik.
246 ## - UNVAN FORM VARYING
Başlık Doğru / Kısa Başlığı Yoksul odaklı büyüme
260 ## - YAYIN, DAĞITIM, VB
Yayın, Dağıtım, Vb Yeri Ankara :
Yayıncı, Dağıtıcı, Vs Adı Gazi Kitabevi,
Yayın, Dağıtım, Vb Tarihi 2015
300 ## - FİZİKSEL TANIM
Kapsam xxxi, 451 s. :
Diğer Fiziksel Ayrıntıları grf., hrt., tbl. ;
Boyutlar 24 cm.
504 ## - KAYNAKÇA VB NOT
Kaynakça Vb Notu Kaynakça: 221-233. ss.<br/>
650 #0 - KONU KATMA GİRİŞ - TOPİKAL DÖNEM
9 (RLIN) 5840
Topikal Süreli Veya Coğrafi Ad Giriş Elemanı Ekonomik kalkınma
650 #0 - KONU KATMA GİRİŞ - TOPİKAL DÖNEM
9 (RLIN) 983
Topikal Süreli Veya Coğrafi Ad Giriş Elemanı Yoksulluk
856 ## - ELEKTRONİK YER VE ERİŞİM
Kamu Notu Dijital Nüshası için Partimizin Kütüphane Sorumlusu ile iletişime geçiniz.
942 ## - EKLENDİ GİRİŞ ELEMANLARI (KOHA)
Sınıflandırma Veya Raf Düzeni Kaynak Dewey Decimal Classification
Koha Öğesi Türü Books
Holdings
Kalıcı Konum Mevcut Konum Edinme Tarihi Toplam Check-Out'Lar Tam Çağrı Numarası Barkod Tarih Son Görülme İtibaren Geçerli Fiyatlar Koha Öğesi Türü
CHP Kütüphanesi CHP Kütüphanesi 03/05/2024   362.5 H21b 2015 21451 03/05/2024 03/05/2024 Books